=LDR 00000nam 2200000 4500 =001 INLIS000000000006825 =005 20130612094923 =008 ***********************************Ind** =035 ##$$0010-061300000006825 =041 ##$$a Ind =082 ##$$a 808.2 =090 ##$$a 808.2, Dur k =100 ##$$a Durremmatt, Friedrich =245 ##$$a Kunjungan nyonya tua, Friedrich Durremmat =260 ##$$a 1991 $b Jakarta =300 ##$$a 118 hlm., 18 cm =650 ##$$a Drama =850 ##$$a NBPNMAT